Statystyki dla Piłkarze, którzy strzelili najwięcej goli w Liverpoolu

Kliknij tutaj aby rozwiązać quiz!

Ogólne statystyki

  • Ten quiz został rozwiązany 56 razy
  • Średni wynik to 9 z 30

Statystyki odpowiedzi

NarodowośćPozycja(Główna)BramkiPiłkarz% Poprawnych
EgiptPS205Mohamed Salah
100%
SenegalLS120Sadio Mané
83%
WaliaN339Ian Rush
81%
BrazyliaN111Roberto Firmino
79%
AngliaŚP186Steven Gerrard
77%
UrugwajN82Luis Suárez
71%
HiszpaniaN81Fernando Torres
69%
SzkocjaŚN170Sir Kenny Dalglish
65%
AngliaN158Michael Owen
60%
AngliaN68Daniel Sturridge
38%
HolandiaPS71Dirk Kuyt
38%
AngliaLP107John Barnes
35%
AngliaN183Robbie Fowler
25%
SzkocjaN117Ian St. John
15%
AngliaN100Kevin Keegan
12%
AngliaPP66Steve McManaman
12%
AngliaN78David Johnson
10%
AngliaLP69Ray Kennedy
6%
AngliaN261Roger Hunt
6%
SzkocjaLS177Billy Liddell
4%
AngliaN60Emile Heskey
4%
AngliaPP65Ian Callaghan
4%
AngliaPO59Phil Neal
4%
IrlandiaPP74Steve Heighway
4%
AngliaŚP81Terry McDermott
4%
AngliaŚP73Jimmy Melia
2%
IrlandiaN63John Aldridge
2%
WaliaN95John Toshack
2%
AngliaŚN59Peter Beardsley
2%
IrlandiaLP73Ronnie Whelan
2%

Rozkład punktacji

Percentyl według liczby udzielonych odpowiedzi

Procent ludzi z każdym wynikiem

Twoja historia wyników

Nie rozwiązałeś tego quizu